[Event "IECC KO-2119"]
[Site "IECC email"]
[Date "2013.11.05"]
[Round "?"]
[White "Basson, Heinrich"]
[Black "Mora, Sebastian"]
[Result "1/2-1/2"]
[WhiteElo "1664"]
[BlackElo "1351"]
[PlyCount "59"]
[EventDate "2012.??.??"]
[EventType "match (corr)"]
[EventRounds "2"]
[SourceTitle "Corr 2020"]
[Source "ChessBase"]
[SourceDate "2019.09.30"]
[SourceVersion "1"]
[SourceVersionDate "2019.09.30"]
[SourceQuality "1"]
[WhiteTeam "South Africa"]
[BlackTeam "Chile"]
[WhiteTeamCountry "RSA"]
[BlackTeamCountry "CHI"]

1. d4 Nf6 2. c4 e6 3. Nc3 Bb4 4. Qc2 c5 5. e3 Nc6 6. Nf3 0-0 7. Be2 cxd4 8. exd4 d5 9. 0-0 dxc4 10. Bxc4 Nxd4 11. Qd1 Nf5 12. Qb3 Qa5 13. Bd2 Bd7 14. a3 Bxc3 15. Bxc3 Qa4 16. Ne5 Qxb3 17. Bxb3 Rfd8 18. Rfe1 Be8 19. Rad1 Ne7 20. Rc1 Nfd5 21. Bd2 Rac8 22. Rxc8 Nxc8 23. h4 Nce7 24. Nf3 h6 25. Bc2 Bc6 26. Ne5 Bb5 27. a4 Be8 28. a5 Bb5 29. h5 Nf6 30. Be3 1/2-1/2

[Event "IECC Swiss-565.3"]
[Site "IECC email"]
[Date "2013.10.25"]
[Round "?"]
[White "Mora, Sebastian"]
[Black "Romanelli, Gabriel Adrian"]
[Result "1/2-1/2"]
[WhiteElo "1363"]
[BlackElo "2098"]
[PlyCount "47"]
[EventDate "2013.??.??"]
[EventType "swiss (corr)"]
[EventRounds "1"]
[SourceTitle "Corr 2020"]
[Source "ChessBase"]
[SourceDate "2019.09.30"]
[SourceVersion "1"]
[SourceVersionDate "2019.09.30"]
[SourceQuality "1"]
[WhiteTeam "Chile"]
[BlackTeam "Argentina"]
[WhiteTeamCountry "CHI"]
[BlackTeamCountry "ARG"]

1. e4 c5 2. Nc3 Nc6 3. g3 g6 4. Bg2 Bg7 5. d3 d6 6. Be3 Rb8 7. Qd2 b5 8. Nge2 b4 9. Nd1 Qb6 10. 0-0 Bd7 11. a3 a5 12. c3 bxc3 13. bxc3 Nf6 14. Bh6 0-0 15. Bxg7 Kxg7 16. h3 a4 17. f4 Qa5 18. Qe3 Ne8 19. e5 Qc7 20. Nf2 dxe5 21. Qxc5 exf4 22. Nxf4 Nf6 23. d4 Qd6 24. N2d3 1/2-1/2

[Event "IECC CL6-2012.07 email"]
[Site "IECC email"]
[Date "2012.11.24"]
[Round "?"]
[White "Mora, Sebastian"]
[Black "D'Aragona, Vittoria"]
[Result "1/2-1/2"]
[WhiteElo "1301"]
[BlackElo "1409"]
[PlyCount "48"]
[EventDate "2012.??.??"]
[EventType "tourn (corr)"]
[EventRounds "4"]
[SourceTitle "Telechess CBM 165"]
[Source "ChessBase"]
[SourceDate "2015.03.11"]
[SourceVersion "1"]
[SourceVersionDate "2015.03.11"]
[SourceQuality "1"]
[WhiteTeam "Chile"]
[WhiteTeamCountry "CHI"]

1. e4 e6 2. d4 d5 3. e5 c5 4. c3 Nc6 5. Nf3 cxd4 6. cxd4 Nge7 7. Bd3 Nf5 8. Bxf5 exf5 9. Nc3 Be7 10. h4 0-0 11. Bg5 f6 12. exf6 Bxf6 13. Bxf6 Qxf6 14. Nxd5 Re8+ 15. Kf1 Qd6 16. Nc3 a6 17. a3 Rd8 18. h5 Nxd4 19. Nxd4 Qxd4 20. Qb3+ Kh8 21. h6 gxh6 22. Rd1 Qf6 23. Rxd8+ Qxd8 24. Qb4 a5 1/2-1/2